000 00682nam a2200253Ia 4500
003 OSt
005 20220918192143.0
006 a|||||r|||| 00| 0
007 ta
008 220917b |||||||| |||| 00| 0 eng d
024 _a67,276
037 _cTextual
040 _aARTS
_cARTS
_beng
041 _2eng
_aeng
082 _aR2xM96, M1
100 _aFurth Hans G
_978512
245 0 _aPiaget and knowledge
_b theoretical foundations
250 _a2nd
260 _aChicago
_bUniv Of Chicago Press
_c1981
300 _axxi,302p.
_ccm.
500 _aBib 289-90p; Glossary 291-98p
942 _hR2xM96, M1
_cTEXL
_2CC
999 _c193509
_d193509